| 000 | 00590nam a22002057a 4500 | ||
|---|---|---|---|
| 003 | OSt | ||
| 005 | 20240409155019.0 | ||
| 008 | 210909b ||||| |||| 00| 0 eng d | ||
| 020 | _a1572597941 | ||
| 040 | _cDDC | ||
| 082 | _a001.42 FRA 2000 | ||
| 100 |
_aFrankfort-Nachmias, Chava; Nachmias, David _914798 |
||
| 245 | _aResearch Methods in the Social Sciences | ||
| 250 | _a6TH ED. | ||
| 260 |
_aNew York; _bWorth publishers, _c2000 |
||
| 300 |
_axxi, 550p; _bill: _c24cm |
||
| 504 | _aAppendices, glossary & indices included | ||
| 650 |
_aResearch methods _92296 |
||
| 942 |
_2ddc _cO_SHELF |
||
| 999 |
_c7196 _d7196 |
||